Nashʼat al-naqd al-adabī al-ḥadīth fī Miṣr, (Record no. 45384)

MARC details
000 -LEADER
fixed length control field 00756cam a22002291 4500
001 - CONTROL NUMBER
control field ne 63000004
003 - CONTROL NUMBER IDENTIFIER
control field DLC
005 - DATE AND TIME OF LATEST TRANSACTION
control field 20260227111739.0
008 - FIXED-LENGTH DATA ELEMENTS--GENERAL INFORMATION
fixed length control field 810922s1962 ua b 000 0 ararc
010 ## - LIBRARY OF CONGRESS CONTROL NUMBER
LC control number ne 63000004
035 ## - SYSTEM CONTROL NUMBER
System control number (OCoLC)7782770
040 ## - CATALOGING SOURCE
Original cataloging agency Princeton Univ. Libr.
Transcribing agency TU
Modifying agency TU
-- DLC
050 00 - LIBRARY OF CONGRESS CALL NUMBER
Classification number PJ7507
Item number .A4
100 1# - MAIN ENTRY--PERSONAL NAME
Personal name Amīn, ʻIzz al-Dīn.
245 10 - TITLE STATEMENT
Title Nashʼat al-naqd al-adabī al-ḥadīth fī Miṣr,
Statement of responsibility, etc. taʼlīf ʻIzz al-Dīn al-Amīn.
250 ## - EDITION STATEMENT
Edition statement [al-ṭabʻah al-ʻUlā.]
260 ## - PUBLICATION, DISTRIBUTION, ETC.
Place of publication, distribution, etc. [al-Qāhirah]
Name of publisher, distributor, etc. Maktabat nahḍat Miṣr,
Date of publication, distribution, etc. 1962/1381. [1962]
300 ## - PHYSICAL DESCRIPTION
Extent 386 p.
Dimensions 24 cm.
504 ## - BIBLIOGRAPHY, ETC. NOTE
Bibliography, etc. note Bibliography: p. [370]-[384]
650 #0 - SUBJECT ADDED ENTRY--TOPICAL TERM
Topical term or geographic name entry element Criticism
Geographic subdivision Egypt.
650 #0 - SUBJECT ADDED ENTRY--TOPICAL TERM
Topical term or geographic name entry element Arabic literature
General subdivision History and criticism
-- Theory, etc.

No items available.

Powered by Koha